000 00288nam a22001217a 4500
020 _a8189470035
041 _aENG
245 _a3rd International Biofueis Conference ( january 18-19,2006 )
260 _aNew Delhi
_bWinrock
_c2006
300 _a294
650 _aEOES
856 _uEOES ( 39 )
999 _c1299
_d1299